000 00606nam a2200241 a 4500
001 nice12345678
003 IN_TiNIC
005 20260116012316.0
008 050524s1985 dela grp 000 0 eng
020 _a
_c100
082 0 0 _a954.2
_bSUB
100 _aSubba, Tanka Bahadur
245 _aQuiet Hills
_b a Study of the Agrarian Relations in Hill Darjeeling.
260 _aDelhi
_bISPCK
_c1985
300 _a132p
500 _aincludes index and biblioraphy
505 2 _aIndex
650 _aDarjeeling
700 1 _aSubba, Tanka Bahadur
902 _bSRS
942 _cBK
999 _c6491
_d6491